| 000 | 00936nam a22002534a 4500 | ||
|---|---|---|---|
| 001 | 198169 | ||
| 005 | 20260528174433.0 | ||
| 008 | 260316b2025 sp ||||| |||| 00| 0 spa d | ||
| 017 | _aM- 6835-2025 | ||
| 020 | _a978-84-098-70583-2 | ||
| 040 |
_bspa _cES-MaACL |
||
| 100 | 1 |
_9226419 _aSánchez Vigil, Juan Miguel, _d1956- |
|
| 245 | _aLa grandeza de la inmortalidad | ||
| 300 |
_a240 páginas _c21 cm |
||
| 336 |
_2rdacontent _atexto |
||
| 337 |
_2rdamedia _asin mediación |
||
| 338 |
_2rdacarrier _avolumen |
||
| 500 | _aRegistro Provisional. A-16095. Depósito 1 | ||
| 852 |
_aES-MaACL _cDEPO1 _jA-16095 _gDedicatoria autógrafa del autor _hDonación: José Miguel Sánchez Vigil _xEncuadernación Cartoné _zEn proceso |
||
| 942 |
_2udc _cMONOGRAFIA _n0 |
||
| 999 |
_c198169 _d198169 |
||